000
00352nam a2200145Ia 4500
008
090124s9999 xx 000 0 und d
082
_b
305719
245
_a
सौदा
250
_a
1
260
_b
निकाडे चंद्रकांत
_c
2007
300
_a
120
630
_a
सौदा
730
_a
सौदा
942
_c
BOOK
999
_c
195713
_d
195713